Sexo y personalidad

Αποθηκεύτηκε σε:
Λεπτομέρειες βιβλιογραφικής εγγραφής
Κύριος συγγραφέας: Eysenck, H. J (Συγγραφέας)
Μορφή: Βιβλίο
Γλώσσα:Ισπανικά
Έκδοση: Madrid Cátedra 1982
Σειρά:Colección Teorema. Serie Mayor
Θέματα:
Ετικέτες: Προσθήκη ετικέτας
Δεν υπάρχουν, Καταχωρήστε ετικέτα πρώτοι!

MARC

LEADER 00000nam a2200000 a 4500
001 UCW5056
003 CL-VaPUC
008 901123e19820000SP |||||||||||||||||spa|d
082 0 4 |a 612.6  |b EYS  |2 21 
100 0 |a Eysenck, H. J  |e author  |9 309879 
245 1 0 |a Sexo y personalidad 
300 |a 258 p 
942 |c BK 
945 |d 19901123 00:00:00 
260 |a Madrid  |b Cátedra  |c 1982 
650 0 |a Educación sexual  |9 308005 
650 0 |a Conducta sexual  |9 309880 
650 7 |a PERSONALIDAD ASPECTOS SEXUALES  |2 CL-VaPUC  |9 309881 
583 |a last modification  |c 19901123 00:00:00  |k Rodrigo Vera 
490 0 |a Colección Teorema. Serie Mayor 
999 |c 218572  |d 218570 
952 |0 0  |1 0  |4 0  |6 612_600000000000000_EYS_1982  |7 0  |8 P  |9 208314  |a BIBEDU  |b BIBEDU  |c BIBEDU_PB  |d 2019-11-15  |i 2762536  |o 612.6 EYS 1982  |p 2762536  |r 2024-01-25  |w 2019-11-15  |y BK  |k EDU